UEFA Champions League Winners - Sudden Death - Statistics

General Stats
  • This quiz has been taken 39,928 times
    466 since last reset
  • The average score is 16 of 24
Answers on the Grid
Answers color-coded by a green-red scale on the quiz's grid according to % correct below.
AFC Ajax
RSC Anderlecht
Arsenal
Aston Villa
Atalanta BC
Atlético de Madrid
FC Barcelona
Bayer 04 Leverkusen
FC Bayern München
SL Benfica
Beşiktaş
Borussia Dortmund
Borussia Mönchengladbach
Celtic
Chelsea
FK Crvena zvezda
CSKA Moscow
Fenerbahçe
Feyenoord
ACF Fiorentina
Galatasaray
FC Girondins de Bordeaux
Hamburger SV
FC Internazionale Milano
Juventus
SS Lazio
Leeds United
Liverpool
Manchester City
Manchester United
AC Milan
Nottingham Forest
Olympiacos
Olympique de Marseille
Olympique Lyonnais
Paris Saint-Germain
FC Porto
PSV
Rangers
RB Leipzig
Real Madrid
AS Roma
Sevilla
FC Shakhtar Donetsk
SK Slavia Prague
Sporting CP
CSA Steaua Bucuresti
Tottenham Hotspur
BSC Young Boys
FC Zenit
 
Answer Stats
Answer % Correct
AFC Ajax
91%
FC Barcelona
80%
FC Bayern München
78%
Chelsea
77%
Manchester United
73%
Liverpool
72%
AC Milan
70%
Aston Villa
70%
Juventus
70%
Manchester City
70%
SL Benfica
70%
Paris Saint-Germain
69%
Real Madrid
69%
Borussia Dortmund
68%
FC Internazionale Milano
67%
Celtic
66%
Nottingham Forest
66%
FC Porto
63%
Feyenoord
58%
Hamburger SV
57%
Olympique de Marseille
56%
PSV
52%
CSA Steaua Bucuresti
47%
FK Crvena zvezda
46%
No matching quizzes found
Score Distribution
Percent of People with Each Score
Percentile by Number Answered
Your Score History
You have not taken this quiz since the last reset